LEADER 01600cam0-22005651i-450- 001 990000813340403321 005 20121213113953.0 035 $a000081334 035 $aFED01000081334 035 $a(Aleph)000081334FED01 035 $a000081334 100 $a20020821d1996----km-y0itay50------ba 101 0 $aita 102 $aIT 105 $aa---j---001yy 200 1 $a<>manuale delle pareti in elementi forati di laterizio$fa cura di M. Chiara Torricelli 210 $a[Roma]$cLaterservice$dstampa 1996 215 $a388 p.$cill.$d21 cm 300 $aRicerca promossa dall' ANDIL 300 $aAndil sezione produttori laterizi per divisori 610 0 $aTabelle 610 0 $aNorme 610 0 $aManuali 610 0 $aMuratura 610 0 $aPareti in laterizio 610 0 $aLaterizio elementi forati 610 0 $aCostruzioni in laterizio 610 0 $aMuri 676 $a693.4 702 1$aTorricelli,$bMaria Chiara 801 0$aIT$bUNINA$gRICA$2UNIMARC 901 $aBK 912 $a990000813340403321 952 $a07 O-96$b5034/453$fDINSC 952 $a03 MUR.0,45$bd.68$fIINTC 952 $aTECN B 1355$b11070$fFARBC 952 $aTECN B 1107$b8062$fFARBC 952 $a17.242$b2484$fDARST 952 $aA 126$b2250 URB$fDARPU 952 $a13 D 51 25$b9982$fFINBC 952 $aTECN B 1931$b19668$fFARBC 959 $aDINSC 959 $aIINTC 959 $aFARBC 959 $aDARST 959 $aDARPU 959 $aFINBC 959 $aFARBC 996 $aManuale delle pareti in elementi forati di laterizio$9352072 997 $aUNINA LEADER 01178nam a2200277 i 4500 001 991001718289707536 005 20020507150928.0 008 001124s1996 it ||| | ita 020 $a8814062366 035 $ab11554009-39ule_inst 035 $aLE02723765$9ExL 040 $aDip.to Studi Giuridici$bita 082 0 $a343.4509290269 084 $aAM-XV/A 245 10$aAttività regolatoria e autorità indipendenti :$bl'Autorità per l'energia elettrica e il gas :$batti del Convegno di studi tenuto a Roma il 2-3 febbraio 1996 260 $aMilano :$bA. Giuffrè,$c1996 300 $axviii, 181 p. ;$c24 cm. 490 0 $aQuaderni della Rassegna giuridica dell'energia elettrica ;$v13 500 $aTit. sul dorso: Attività regolatoria e autorità indipendenti 650 4$aAutorità per l'energia elettrica e il gas$xCongressi 907 $a.b11554009$b01-03-17$c02-07-02 912 $a991001718289707536 945 $aLE027 AM-XV/A 20$g1$i2027000208067$lle027$o-$pE0.00$q-$rl$s- $t0$u4$v3$w4$x0$y.i1175476x$z02-07-02 996 $aAttività regolatoria e autorità indipendenti$9657573 997 $aUNISALENTO 998 $ale027$b01-01-00$cm$da $e-$fita$git $h0$i1